Los libros del México antiguo /

El autor, con este ensayo, narra la historia de los primeros libros en México apoyándose en el testimonio de los cronistas del siglo XVI y en trabajos de investigadores contemporáneos logrados por sus descubrimientos arqueológicos.

Guardado en:
Detalles Bibliográficos
Autor principal: Márquez Rodiles, Ignacio (autor)
Formato: Libro
Idioma:Español
Colección:(Cuadernos de Divulgación Cultural ; 1)
Temas:
Etiquetas: Agrega una etiqueta
Sin etiquetas, Sé el primero en etiquetar este registro!

MARC

LEADER 00000nam^a2200000^a^4500
001 000111307
005 20250521000000.0
009 20260310093826.226
037 |a Acervo ITESO - Biblioteca 
041 |a ESP 
082 |a 302. 2320972  |b MAR 
100 |a Márquez Rodiles, Ignacio  |e (autor) 
245 1 4 |a Los libros del México antiguo /  |c I. Márquez Rodiles. 
264 |a México :  |b Academia Mexicana de la Educación,  |c 1959 
300 |a 29 p. 
336 |a texto  |b txt  |2 rdacontenido 
337 |a sin mediación  |b n  |2 rdamedio 
338 |a volumen  |b nc  |2 rdasoporte 
440 1 |a (Cuadernos de Divulgación Cultural ;  |v 1) 
520 |a El autor, con este ensayo, narra la historia de los primeros libros en México apoyándose en el testimonio de los cronistas del siglo XVI y en trabajos de investigadores contemporáneos logrados por sus descubrimientos arqueológicos. 
649 |a XX 
650 |a Libros Antiguos y Raros -  |z México 
650 |a Ilustración de Libros y Manuscritos -  |z México 
650 |a Libros -  |z México -  |x Historia -  |y Epoca Prehispánica 
650 |a Bibliología 
910 |a Fondo Salvador Reynoso Reynoso 
920 |a Impresos - Libros 
930 |a Fondos Especiales 
905 |a 112 
901 |a 0800001205  |b IT2  |c ESP  |u 20250521 
902 |a https://opac.biblio.iteso.mx/vufind/Record/000111307